000
00147nam a22000857a 4500
082
_a
823
100
_a
UNKNOWN
245
_a
MULLAN STORIES
942
_c
BK
999
_c
8187
_d
8187